000 01664cam a2200169 4500500
005 20260201124716.0
041 _afre
042 _adc
100 1 0 _aBras, Pierre
_eauthor
245 0 0 _aHommage à Pierre Lantz (1931-2019)
260 _c2020.
500 _a49
520 _aL’article vise à examiner la prolifération des réseaux coopératifs dans la Grèce rurale de l’entre-deux-guerres via l’analyse du cas thessalien. Son objectif principal est de souligner les enjeux des acteurs, le poids des traditions et des blocages sociaux. On examine donc les variables du changement rural dans la Grèce au lendemain de la première guerre mondiale, en utilisant la microanalyse de ces réseaux thessaliens locaux. Cette étude démontre le rôle primordial et impératif de l’État en ce qui concerne la régularisation de l’économie agraire et l’influence de cette intervention à l’échelle régionale, reposant sur une exploitation d’archives locales.
520 _aThis essay focuses on the State’s role regarding the regularization of Greek interwar rural economy, at regional level. To this purpose it was examined the case of a local cooperative network in Thessaly, supervised and controlled by the Agricultural Bank of Greece. It was demonstrated, by archival documentation, that the Greek rural cooperatives’ institutional form was an instrument for the political authority so as to control social and individual experience.
786 0 _nL'Homme & la Société | 209 | 1 | 2020-05-05 | p. 13-18 | 0018-4306
856 4 1 _uhttps://shs.cairn.info/revue-l-homme-et-la-societe-2019-1-page-13?lang=fr&redirect-ssocas=7080
999 _c1642163
_d1642163